<?xml version="1.0" encoding="UTF-8"?>
<record
    xmlns:xsi="http://www.w3.org/2001/XMLSchema-instance"
    xsi:schemaLocation="http://www.loc.gov/MARC21/slim http://www.loc.gov/standards/marcxml/schema/MARC21slim.xsd"
    xmlns="http://www.loc.gov/MARC21/slim">

  <leader>07271namaa22004451i 4500</leader>
  <controlfield tag="003">EG-GICUC</controlfield>
  <controlfield tag="005">20260205112528.0</controlfield>
  <controlfield tag="008">260125b2025    ua a|||frm||| 000 0 eng d</controlfield>
  <datafield tag="040" ind1=" " ind2=" ">
    <subfield code="a">EG-GICUC</subfield>
    <subfield code="b">eng</subfield>
    <subfield code="c">EG-GICUC</subfield>
    <subfield code="d">EG-GICUC</subfield>
    <subfield code="e">rda</subfield>
  </datafield>
  <datafield tag="041" ind1="0" ind2=" ">
    <subfield code="a">eng</subfield>
    <subfield code="b">eng</subfield>
    <subfield code="b">ara</subfield>
  </datafield>
  <datafield tag="049" ind1=" " ind2=" ">
    <subfield code="a">Deposit</subfield>
  </datafield>
  <datafield tag="082" ind1="0" ind2="4">
    <subfield code="a">615.82</subfield>
  </datafield>
  <datafield tag="092" ind1=" " ind2=" ">
    <subfield code="a">615.82</subfield>
    <subfield code="2">21</subfield>
  </datafield>
  <datafield tag="097" ind1=" " ind2=" ">
    <subfield code="a">M.Sc</subfield>
  </datafield>
  <datafield tag="099" ind1=" " ind2=" ">
    <subfield code="a">Cai01.21.07.M.Sc.2025.Em.E</subfield>
  </datafield>
  <datafield tag="100" ind1="0" ind2=" ">
    <subfield code="a">Eman Kotb Ali El Shawdfy Badwy,</subfield>
    <subfield code="e">preparation.</subfield>
  </datafield>
  <datafield tag="245" ind1="1" ind2="0">
    <subfield code="a">Effect of therapeutic exercise on lung cancer related fatigue : </subfield>
    <subfield code="b">A systematic review /</subfield>
    <subfield code="c">by Eman Kotb Ali El Shawdfy Badwy ; Supervisors Prof. Dr. Khadra Mohammed Ali, Dr. Ahmed Mohammed Abd El&#x2013;Fatah Amer, Dr.Nada Mohamed yousef.</subfield>
  </datafield>
  <datafield tag="246" ind1="1" ind2="5">
    <subfield code="a">&#x62A;&#x623;&#x62B;&#x64A;&#x631; &#x627;&#x644;&#x62A;&#x645;&#x627;&#x631;&#x64A;&#x646; &#x627;&#x644;&#x639;&#x644;&#x627;&#x62C;&#x64A;&#x629; &#x639;&#x644;&#x649; &#x627;&#x644;&#x625;&#x62C;&#x647;&#x627;&#x62F; &#x627;&#x644;&#x645;&#x631;&#x62A;&#x628;&#x637; &#x628;&#x633;&#x631;&#x637;&#x627;&#x646; &#x627;&#x644;&#x631;&#x626;&#x629; : </subfield>
    <subfield code="b">&#x62F;&#x631;&#x627;&#x633;&#x629; &#x645;&#x646;&#x647;&#x62C;&#x64A;&#x647; /</subfield>
  </datafield>
  <datafield tag="264" ind1=" " ind2="0">
    <subfield code="c">2025.</subfield>
  </datafield>
  <datafield tag="300" ind1=" " ind2=" ">
    <subfield code="a">60 pages : </subfield>
    <subfield code="b">illustrations ; </subfield>
    <subfield code="c">25 cm. + </subfield>
    <subfield code="e">CD.</subfield>
  </datafield>
  <datafield tag="336" ind1=" " ind2=" ">
    <subfield code="a">text</subfield>
    <subfield code="2">rda content</subfield>
  </datafield>
  <datafield tag="337" ind1=" " ind2=" ">
    <subfield code="a">Unmediated</subfield>
    <subfield code="2">rdamedia</subfield>
  </datafield>
  <datafield tag="338" ind1=" " ind2=" ">
    <subfield code="a">volume</subfield>
    <subfield code="2">rdacarrier</subfield>
  </datafield>
  <datafield tag="502" ind1=" " ind2=" ">
    <subfield code="a">Thesis (M.Sc)-Cairo University, 2025.</subfield>
  </datafield>
  <datafield tag="504" ind1=" " ind2=" ">
    <subfield code="a">Bibliography: pages 51-58.</subfield>
  </datafield>
  <datafield tag="520" ind1=" " ind2="3">
    <subfield code="a">Background: Aerobic exercise such as (walking, cycling), yoga training and light 
resisted exercise, breathing exercise are very important to improve health related quality 
of life and reduce fatigue for lung cancer patients; male and female patients with a 
average age (40&#x2013;67).  
Purpose: To systemically review the effect of therapeutic exercise on lung cancer 
related fatigue and health related quality of life. 
Method: This review included lung cancer patients underwent chemotherapy, 
radiotherapy, surgery or others; received different types of exercise. A search of 
electronic database that involved; PubMed, Physical therapy Evidence Database, 
Google scholar and Cochrane library, the search started from January 2022 to October 
2023. Fatigue was measured by Functional assessment of cancer therapy&#x2013;Taxane scale. 
Health related quality of life was measured by European organization of cancer 
treatment questionnaire. Total studies were recorded by Preferred Reporting Items for 
Systematic review and Meta Analysis. Thirteen randomized controlled articles were 
assessed the inclusion criteria which were quantitives and qualitative for all studies. 
outcomes: The primary outcome was (fatigue) and secondary outcome was (health 
related quality of life).  
Results: outcome variables were assessed at the end of the intervention period (after&#x2013;
training and follow up). To compare data from different scales, pooled statistics were 
calculated using standardized mean differences which were computed using Review 
Manager program. (Means, mean change and standard deviations for intervention group 
and control group were used to compute SMDs, sample size to apply the forest plots 
for two groups for each study included in the meta&#x2013;analysis. If appropriate effect size 
was calculated, the outcome variable was reported in &#x2265;2 studies and action research 
outcome are continuous variables. Primary and secondary outcome variables were 
pooled across studies and analyzed using a random&#x2013;effects model for data collated from 
all eligible studies with 95% confidence intervals. To investigate differences, the 
following values were used: I2=0%&#x2013;30% (no heterogeneity); I2=30%&#x2013;49% (moderate 
heterogeneity); I2 =50%&#x2013;74% (substantial heterogeneity); and I2=75%&#x2013;100% 
(considerable heterogeneity. 
Conclusion: From clinical evidence the therapeutic exercise had a positive effect on 
lung cancer related fatigue and health related quality of life. </subfield>
  </datafield>
  <datafield tag="520" ind1=" " ind2="3">
    <subfield code="a">&#x62A;&#x647;&#x62F;&#x641; &#x647;&#x630;&#x647; &#x627;&#x644;&#x62F;&#x631;&#x627;&#x633;&#x629; &#x627;&#x644;&#x645;&#x646;&#x647;&#x62C;&#x64A;&#x629; &#x627;&#x644;&#x64A; &#x62A;&#x623;&#x62B;&#x64A;&#x631; &#x627;&#x644;&#x62A;&#x645;&#x627;&#x631;&#x64A;&#x646; &#x627;&#x644;&#x639;&#x644;&#x627;&#x62C;&#x64A;&#x629; &#x639;&#x644;&#x64A; &#x627;&#x644;&#x625;&#x62C;&#x647;&#x627;&#x62F; &#x627;&#x644;&#x645;&#x631;&#x62A;&#x628;&#x637; &#x628;&#x633;&#x631;&#x637;&#x627;&#x646; &#x627;&#x644;&#x631;&#x626;&#x629; &#x648;&#x644;&#x644;&#x625;&#x62C;&#x627;&#x628;&#x629; &#x639;&#x644;&#x649; &#x647;&#x630;&#x627; &#x627;&#x644;&#x633;&#x624;&#x627;&#x644;&#x60C; &#x628;&#x62D;&#x62B;&#x646;&#x627; &#x641;&#x64A; &#x627;&#x644;&#x645;&#x648;&#x627;&#x642;&#x639; &#x627;&#x644;&#x639;&#x644;&#x645;&#x64A;&#x629; Google,pupmed,pedro &#x628;&#x627;&#x633;&#x62A;&#x62E;&#x62F;&#x627;&#x645; &#x627;&#x644;&#x643;&#x644;&#x645;&#x627;&#x62A; &#x627;&#x644;&#x623;&#x62A;&#x64A;&#x629;Therapeutic exercise,Cancer Related fatigue, aerobicexercise,breathing exercise, light resistive exercises,systematic Review,Evidence based practice,Lung cancer balance patient
&#x642;&#x645;&#x646;&#x627; &#x628;&#x62A;&#x648;&#x633;&#x64A;&#x639; &#x646;&#x637;&#x627;&#x642; &#x628;&#x62D;&#x62B;&#x646; &#x627;&#x644;&#x64A; &#x634;&#x645;&#x644; &#x62C;&#x645;&#x64A;&#x639; &#x62A;&#x635;&#x645;&#x64A;&#x645;&#x627;&#x62A; &#x627;&#x644;&#x628;&#x62D;&#x62B; &#x628;&#x627;&#x633;&#x62A;&#x62B;&#x646;&#x627;&#x621; &#x627;&#x631;&#x627;&#x621; &#x627;&#x644;&#x62E;&#x628;&#x631;&#x627;&#x621; &#x648;&#x627;&#x644;&#x62F;&#x631;&#x627;&#x633;&#x627;&#x62A; &#x627;&#x644;&#x62A;&#x64A; &#x62A;&#x642;&#x64A;&#x633; &#x627;&#x644;&#x646;&#x62A;&#x627;&#x626;&#x62C; &#x627;&#x644;&#x62A;&#x64A; &#x644;&#x627; &#x62A;&#x62A;&#x639;&#x644;&#x642; &#x628;&#x646;&#x637;&#x627;&#x642; &#x647;&#x630;&#x647; &#x627;&#x644;&#x62F;&#x631;&#x627;&#x633;&#x629; &#x648;&#x62A;&#x645; &#x62A;&#x644;&#x62E;&#x64A;&#x635; &#x627;&#x644;&#x628;&#x64A;&#x627;&#x646;&#x627;&#x62A; &#x645;&#x646; &#x62C;&#x645;&#x64A;&#x639; &#x627;&#x644;&#x62F;&#x631;&#x627;&#x633;&#x627;&#x62A; &#x627;&#x644;&#x645;&#x634;&#x643;&#x644;&#x629; &#x628;&#x627;&#x644;&#x62A;&#x646;&#x633;&#x64A;&#x642; &#x627;&#x644;&#x62A;&#x627;&#x644;&#x64A; &#x627;&#x644;&#x630;&#x64A; &#x64A;&#x62A;&#x636;&#x645;&#x646; &#x627;&#x644;&#x645;&#x631;&#x636;&#x64A; &#x627;&#x644;&#x645;&#x633;&#x62A;&#x647;&#x62F;&#x641;&#x64A;&#x646; &#x648;&#x627;&#x644;&#x625;&#x639;&#x62F;&#x627;&#x62F; &#x648;&#x627;&#x644;&#x625;&#x639;&#x645;&#x627;&#x631; &#x648;&#x647;&#x644; &#x62A;&#x645; &#x62A;&#x639;&#x631;&#x636;&#x647;&#x645; &#x627;&#x644;&#x625;&#x634;&#x639;&#x627;&#x639; &#x627;&#x645; &#x644;&#x627; &#x623;&#x648; &#x62C;&#x631;&#x627;&#x62D;&#x647; &#x627;&#x633;&#x62A;&#x626;&#x635;&#x627;&#x644; &#x627;&#x644;&#x631;&#x626;&#x629; &#x627;&#x645; &#x644;&#x627; &#x648;&#x62A;&#x645; &#x62A;&#x635;&#x645;&#x64A;&#x645; &#x627;&#x644;&#x628;&#x62D;&#x62B; &#x648;&#x645;&#x633;&#x62A;&#x648;&#x64A; &#x62F;&#x644;&#x64A;&#x644; &#x639;&#x644;&#x64A; &#x627;&#x644;&#x62F;&#x631;&#x627;&#x633;&#x629; &#x648;&#x646;&#x62A;&#x627;&#x626;&#x62C; &#x627;&#x644;&#x641;&#x627;&#x626;&#x62F;&#x629; &#x62A;&#x628;&#x639;&#x627;&#x64B; &#x627;&#x644;&#x628;&#x62D;&#x62A; &#x62A;&#x645; &#x627;&#x64A;&#x62C;&#x627;&#x62F; &#x62B;&#x644;&#x627;&#x62B;&#x629; &#x639;&#x634;&#x631; &#x62F;&#x631;&#x627;&#x633;&#x629; &#x639;&#x634;&#x648;&#x627;&#x626;&#x64A;&#x629; &#x648;&#x627;&#x62F;&#x631;&#x627;&#x62C;&#x647;&#x645; &#x641;&#x64A; &#x647;&#x630;&#x647; &#x627;&#x644;&#x631;&#x633;&#x627;&#x644;&#x629;&#x648;&#x645;&#x646;&#x627;&#x642;&#x634;&#x647; &#x62A;&#x648;&#x636;&#x64A;&#x62D;&#x64A;&#x647; &#x644;&#x643;&#x644; &#x627;&#x644;&#x627;&#x628;&#x62D;&#x627;&#x62B; &#x648;&#x641;&#x642;&#x627; &#x644;&#x647;&#x627; &#x648;&#x62C;&#x62F;&#x646;&#x627; &#x62A;&#x623;&#x62B;&#x64A;&#x631; &#x627;&#x64A;&#x62C;&#x627;&#x628;&#x64A; &#x627;&#x644;&#x62A;&#x645;&#x627;&#x631;&#x64A;&#x646; &#x627;&#x644;&#x639;&#x644;&#x627;&#x62C;&#x64A;&#x629; &#x639;&#x644;&#x64A; &#x627;&#x644;&#x627;&#x62C;&#x647;&#x627;&#x62F; &#x627;&#x644;&#x645;&#x631;&#x62A;&#x628;&#x637; &#x644;&#x645;&#x631;&#x636;&#x64A; &#x633;&#x631;&#x637;&#x627;&#x646; &#x627;&#x644;&#x631;&#x626;&#x629; &#x648;&#x62A;&#x62D;&#x633;&#x646; &#x62D;&#x627;&#x644;&#x62A;&#x647; &#x648;&#x627;&#x645;&#x643;&#x627;&#x646;&#x64A;&#x647; &#x627;&#x644;&#x631;&#x62C;&#x648;&#x639; &#x627;&#x644;&#x64A; &#x627;&#x644;&#x639;&#x645;&#x644; &#x648;&#x645;&#x645;&#x627;&#x631;&#x633;&#x62A;&#x647; &#x62D;&#x64A;&#x627;&#x62A;&#x647;&#x645; &#x648;&#x62A;&#x62D;&#x633;&#x646; &#x627;&#x644;&#x62D;&#x627;&#x644;&#x629;&#x627;&#x644;&#x646;&#x641;&#x633;&#x64A;&#x629;&#x644;&#x647;&#x645;.
 &#x627;&#x644;&#x645;&#x642;&#x627;&#x644;&#x627;&#x62A; &#x627;&#x644;&#x62A;&#x64A; &#x62A;&#x645; &#x627;&#x644;&#x62F;&#x631;&#x627;&#x633;&#x629; &#x639;&#x644;&#x64A;&#x647;&#x627;(G Arbane et al.,2011)&#x60C;(Peddle Micentyre et al.,2012)&#x60C;(Granger etal.,3013)&#x60C;(stight etal.,2013)&#x60C;(Edvardesen et al.,2015)&#x60C;(cavalheri et al., 2017)&#x60C;(Messagi sartor,2018)&#x60C;(Lu et al.,2020) ,(lin etal.,2023). &#x628;&#x648;&#x627;&#x633;&#x637;&#x629; &#x62A;&#x645;&#x627;&#x631;&#x64A;&#x646; &#x627;&#x644;&#x62A;&#x646;&#x641;&#x633; &#x648;&#x62A;&#x645;&#x627;&#x631;&#x64A;&#x646; &#x627;&#x644;&#x627;&#x62A;&#x632;&#x627;&#x646; &#x648;&#x627;&#x644;&#x627;&#x64A;&#x631;&#x648;&#x628;&#x64A;&#x643; &#x648;&#x627;&#x644;&#x645;&#x634;&#x64A; &#x648;&#x623;&#x643;&#x62F;&#x62A; &#x627;&#x644;&#x62F;&#x631;&#x627;&#x633;&#x627;&#x62A; &#x639;&#x644;&#x649; &#x62A;&#x62D;&#x633;&#x646; &#x627;&#x644;&#x62D;&#x627;&#x644;&#x627;&#x62A; &#x648;&#x645;&#x646; &#x627;&#x644;&#x62F;&#x631;&#x627;&#x633;&#x627;&#x62A; &#x627;&#x644;&#x62A;&#x64A; &#x642;&#x627;&#x633;&#x62A; &#x627;&#x644;&#x625;&#x62C;&#x647;&#x627;&#x62F; &#x644;&#x645;&#x631;&#x636;&#x64A; &#x633;&#x631;&#x637;&#x627;&#x646; &#x627;&#x644;&#x631;&#x626;&#x629; &#x628;&#x648;&#x627;&#x633;&#x637;&#x629; &#x62A;&#x645;&#x627;&#x631;&#x64A;&#x646; &#x627;&#x644;&#x64A;&#x648;&#x62C;&#x627; &#x648;&#x627;&#x644;&#x627;&#x64A;&#x631;&#x648;&#x628;&#x64A;&#x643; &#x648;&#x627;&#x644;&#x62A;&#x646;&#x641;&#x633; Mohamed N.,2023) ,(linet al.,2019)&#x60C;(chen et al.,2023). &#x648;&#x627;&#x643;&#x62F;&#x62A; &#x627;&#x644;&#x62F;&#x631;&#x627;&#x633;&#x627;&#x62A; &#x639;&#x644;&#x649; &#x62A;&#x642;&#x62F;&#x645; &#x627;&#x644;&#x62D;&#x627;&#x644;&#x627;&#x62A; &#x648;&#x62A;&#x62D;&#x633;&#x646; &#x627;&#x644;&#x625;&#x62C;&#x647;&#x627;&#x62F; &#x627;&#x644;&#x645;&#x635;&#x627;&#x62D;&#x628; &#x644;&#x645;&#x631;&#x636;&#x64A; &#x633;&#x631;&#x637;&#x627;&#x646; &#x627;&#x644;&#x631;&#x626;&#x629;.
&#x627;&#x644;&#x62A;&#x648;&#x635;&#x64A;&#x627;&#x62A; 
&#x623;&#x643;&#x62F;&#x62A; &#x627;&#x644;&#x62F;&#x631;&#x627;&#x633;&#x627;&#x62A; &#x623;&#x646;&#x647; &#x644;&#x627;&#x628;&#x62F; &#x645;&#x646; &#x645;&#x645;&#x627;&#x631;&#x633;&#x647; &#x627;&#x644;&#x62F;&#x631;&#x627;&#x633;&#x629;&#x627;&#x644;&#x645;&#x646;&#x647;&#x62C;&#x64A;&#x629;&#x639;&#x644;&#x649; &#x623;&#x633;&#x633; &#x639;&#x644;&#x645;&#x64A;&#x647; &#x644;&#x62A;&#x62D;&#x633;&#x64A;&#x646; &#x645;&#x647;&#x627;&#x631;&#x627;&#x62A; &#x627;&#x62E;&#x635;&#x627;&#x626;&#x64A; &#x627;&#x644;&#x639;&#x644;&#x627;&#x62C; &#x627;&#x644;&#x637;&#x628;&#x64A;&#x639;&#x64A;&#x648;&#x627;&#x644;&#x627;&#x643;&#x62B;&#x627;&#x631; &#x645;&#x646; &#x627;&#x644;&#x62F;&#x631;&#x627;&#x633;&#x627;&#x62A; &#x627;&#x644;&#x645;&#x633;&#x62A;&#x642;&#x628;&#x644;&#x64A;&#x629; &#x644;&#x632;&#x64A;&#x627;&#x62F;&#x629; &#x627;&#x644;&#x62E;&#x628;&#x631;&#x629; &#x628;&#x647;&#x630;&#x627; &#x627;&#x644;&#x645;&#x62C;&#x627;&#x644; &#x648;&#x647;&#x648; &#x62A;&#x623;&#x62B;&#x64A;&#x631; &#x627;&#x644;&#x62A;&#x645;&#x627;&#x631;&#x64A;&#x646; &#x627;&#x644;&#x639;&#x644;&#x627;&#x62C;&#x64A;&#x629; &#x639;&#x644;&#x649; &#x627;&#x644;&#x625;&#x62C;&#x647;&#x627;&#x62F; &#x627;&#x644;&#x645;&#x631;&#x62A;&#x628;&#x637; &#x628;&#x633;&#x631;&#x637;&#x627;&#x646; &#x627;&#x644;&#x631;&#x626;&#x629;.</subfield>
  </datafield>
  <datafield tag="530" ind1=" " ind2=" ">
    <subfield code="a">Issues also as CD.</subfield>
  </datafield>
  <datafield tag="546" ind1=" " ind2=" ">
    <subfield code="a">Text in English and abstract in Arabic &amp; English.</subfield>
  </datafield>
  <datafield tag="650" ind1=" " ind2="0">
    <subfield code="a">Physical Therapy</subfield>
  </datafield>
  <datafield tag="650" ind1=" " ind2="0">
    <subfield code="a">&#x627;&#x644;&#x639;&#x644;&#x627;&#x62C; &#x627;&#x644;&#x637;&#x628;&#x64A;&#x639;&#x64A; </subfield>
  </datafield>
  <datafield tag="653" ind1=" " ind2="1">
    <subfield code="a">Evidence based Practice</subfield>
    <subfield code="a">Fatigue</subfield>
    <subfield code="a">Lung Cancer</subfield>
    <subfield code="a">Systematic Review</subfield>
    <subfield code="a">Therapeutic Exercise</subfield>
  </datafield>
  <datafield tag="700" ind1="0" ind2=" ">
    <subfield code="a">Khadra Mohammed Ali</subfield>
    <subfield code="e">thesis advisor.</subfield>
  </datafield>
  <datafield tag="700" ind1="0" ind2=" ">
    <subfield code="a">Ahmed Mohammed Abd El&#x2013;Fatah Amer</subfield>
    <subfield code="e">thesis advisor.</subfield>
  </datafield>
  <datafield tag="700" ind1="0" ind2=" ">
    <subfield code="a">Nada Mohamed yousef</subfield>
    <subfield code="e">thesis advisor.</subfield>
  </datafield>
  <datafield tag="900" ind1=" " ind2=" ">
    <subfield code="b">01-01-2025</subfield>
    <subfield code="c">Khadra Mohammed Ali</subfield>
    <subfield code="c">Ahmed Mohammed Abd El&#x2013;Fatah Amer</subfield>
    <subfield code="c">Nada Mohamed yousef</subfield>
    <subfield code="U">Cairo University</subfield>
    <subfield code="F">Faculty of Physical Therapy</subfield>
    <subfield code="D">Department of Physical Therapy for Surgery </subfield>
  </datafield>
  <datafield tag="905" ind1=" " ind2=" ">
    <subfield code="a">Shimaa</subfield>
    <subfield code="e">Eman Ghareb</subfield>
  </datafield>
  <datafield tag="942" ind1=" " ind2=" ">
    <subfield code="2">ddc</subfield>
    <subfield code="c">TH</subfield>
    <subfield code="e">21</subfield>
    <subfield code="n">0</subfield>
  </datafield>
  <datafield tag="999" ind1=" " ind2=" ">
    <subfield code="c">178023</subfield>
  </datafield>
  <datafield tag="952" ind1=" " ind2=" ">
    <subfield code="2">ddc</subfield>
    <subfield code="9">314178</subfield>
    <subfield code="a">CUCL</subfield>
    <subfield code="b">cl210</subfield>
    <subfield code="d">2026-01-25</subfield>
    <subfield code="i">93245</subfield>
    <subfield code="o">Cai01.21.07.M.Sc.2025.Em.E</subfield>
    <subfield code="p">01010110093245000</subfield>
    <subfield code="r">2026-01-25 21:42:43</subfield>
    <subfield code="w">2026-01-25</subfield>
    <subfield code="y">TH</subfield>
  </datafield>
</record>
